Ultimate Spider-Man Characters - Statistics

General Stats
  • This quiz has been taken 12 times
  • The average score is 14 of 23
Answer Stats
Hint Answer % Correct
Main Character Spider-Man
100%
Leader of Shield Nick Fury
92%
Peters aunt Aunt May
75%
8 legged scientist Doctor Octopus
75%
Sorcerer Supreme Doctor Strange
75%
Peters best friend Harry Osborn
75%
Strong hero created by gamma rays Hulk
75%
Angry news reporter J Jonah Jameson
75%
Former shield scientist turned into a Reptilian Lizard
75%
Strong hero created by super soldier serum Captain America
67%
Evil guy on a glider who’s pumpkins will blow you away Green Goblin
67%
Got his powers at K’un lun Iron Fist
67%
Hero who wears a high tech suit Iron Man
67%
Peters love interest Mary Jane Watson
67%
Gets turned into a frog by loki Thor
67%
Has bulletproof skin Power Man
58%
Father was killed by Kraven White Tiger
50%
Buckethead Nova
42%
Peters bully turned hero Agent Venom
33%
His power is jumping Batroc the Leaper
25%
The school janitor Stan
25%
Assassins who tried to kill JJJ Beetle
17%
He just wants to play Sandman
0%
No matching quizzes found
Score Distribution
Percent of People with Each Score
Percentile by Number Answered
Your Score History
You have not taken this quiz